|
|
|
|
| LEADER |
00000nam a2200000 a 4500 |
| 001 |
UCP5379 |
| 003 |
CL-VaPUC |
| 005 |
20241218094034.0 |
| 008 |
990910e19950000AG |||||||||||||||||spa|d |
| 999 |
|
|
|c 283142
|d 283140
|
| 040 |
|
|
|c Pontificia Universidad Católica de Valparaíso
|
| 082 |
0 |
4 |
|a 638.1 WER 1995
|2 21
|
| 100 |
0 |
|
|a Werthein, Israel
|9 433743
|
| 245 |
1 |
3 |
|a El apicultor: futuro privilegiado de la industria agropecuaria.
|
| 260 |
0 |
3 |
|a Santiago del Estero, Argentina
|b El Arca
|c 1995
|
| 300 |
|
|
|a 110 páginas.
|
| 583 |
|
|
|a last modification
|c 20120910 05:06:38
|k Rodrigo Vera
|
| 650 |
|
0 |
|a Abejas (Apoidea)
|9 269522
|
| 650 |
|
0 |
|a Apicultura
|9 264400
|
| 650 |
|
0 |
|a Colmena de abejas
|9 393951
|
| 650 |
|
7 |
|a COLONIA DE ABEJAS
|2 CL-VaPUC
|9 433744
|
| 650 |
|
0 |
|a Análisis de mercado
|9 260838
|
| 650 |
|
7 |
|a PRODUCCION ANIMAL
|2 CL-VaPUC
|9 433745
|
| 650 |
|
7 |
|a PRODUCTOS DE ORIGEN ANIMAL
|2 CL-VaPUC
|9 433746
|
| 942 |
|
|
|c BK
|2 ddc
|
| 945 |
|
|
|d 19990910 00:00:00
|a vberengu
|
| 952 |
|
|
|0 0
|1 0
|2 ddc
|4 0
|6 638_100000000000000_WER_1995
|7 0
|8 A
|9 325961
|a BIBAGR
|b BIBAGR
|d 2019-11-20
|i 3549909
|o 638.1 WER 1995
|p 3549909
|r 2025-01-20
|t 1
|w 2019-11-20
|y BK
|k AGR
|